| 000 | 01251nam a2200277 i 4500 | ||
|---|---|---|---|
| 003 | DO-SdBNP | ||
| 005 | 20250611130819.0 | ||
| 007 | ta | ||
| 008 | 250611b2013 dr abd|| |||| 00| 0 spa d | ||
| 020 | _a9789945884180 | ||
| 040 |
_aDO-SdBNP _bspa _cBNPHU _erda |
||
| 041 | _aspa | ||
| 082 | 4 |
_axxx _bI61s _222 |
|
| 111 | 1 |
_aInternational Labour Office, Dominican Republic Ministerio de Trabajo, Foro Internacional sobre Empleo y Capacitación. _d30 Octubre 2013 : _n2do. _cSanto Domingo _988062 |
|
| 245 | 1 | 0 |
_a2do Foro Internacional sobre Empleo y Capacitación Motores del Futuro en Santo Domingo / _ccoordinador general, Álvaro Ramírez Bogante ; coordinadora técnica, Mirian López Jorge ; fotografía, Alfredo Moronta. |
| 264 |
_aSanto Domingo : _bOIT : República Dominicana. Ministerio de Trabajo, _c2013. |
||
| 300 |
_a55 páginas : _bilustraciones, gráficos, mapas, retratos ; _c28 cm. |
||
| 336 |
_atexto _btxt _2rdacontent |
||
| 337 |
_asin mediación _bn _2rdamedia |
||
| 338 |
_avolumen _bnc _2rdacarrier |
||
| 700 | 1 |
_aRamírez Bogante, Álvaro, _ecoordinador _4coord. _988064 |
|
| 700 | 1 |
_aLópez Jorge, Mirian _ecoordinador _4coord. _988065 |
|
| 700 | 1 |
_aMoronta, Alfredo _efotógrafo _4fot. _988066 |
|
| 910 | _aLP | ||
| 942 |
_2ddc _cLBS1 |
||
| 999 |
_c59230 _d59230 |
||